Tình hình thực hiện các chương trình khoa học, công nghệ trọng điểm tỉnh Lâm Đồng trong 3 năm 2001-2003 /
Gorde:
| Erakunde egilea: | |
|---|---|
| Formatua: | Artikulua |
| Hizkuntza: | Vietnamese |
| Gaiak: | |
| Etiketak: |
Etiketa erantsi
Etiketarik gabe, Izan zaitez lehena erregistro honi etiketa jartzen!
|
| Thư viện lưu trữ: | Thư viện Trường Đại học Đà Lạt |
|---|
| LEADER | 00888nam a2200241 4500 | ||
|---|---|---|---|
| 001 | DLU040026471 | ||
| 008 | ##021230t vn z000 vie d | ||
| 040 | # | # | |a DLU |b vie |
| 041 | # | # | |a vie |
| 110 | # | # | |a Lâm Đồng. |b Phòng Quản lý KHCN - Sở KHCN |
| 245 | # | # | |a Tình hình thực hiện các chương trình khoa học, công nghệ trọng điểm tỉnh Lâm Đồng trong 3 năm 2001-2003 / |c Phòng Quản lý KHCN - Sở KHCN Lâm Đồng |
| 651 | # | # | |a Lâm Đồng |
| 653 | # | # | |a Khoa học công nghệ |
| 773 | # | # | |t Thông tin Khoa học và Công nghệ |g số 4-2003 (43), tr. 9-12 |
| 920 | # | # | |a Phòng Tạp chí -- Trung tâm Thông tin - Thư viện Trường Đại học Đà Lạt |
| 994 | # | # | |a DLU |
| 900 | # | # | |a True |
| 911 | # | # | |a Thái Thị Thanh Thủy |
| 925 | # | # | |a G |
| 926 | # | # | |a A |
| 927 | # | # | |a BB |
| 980 | # | # | |a Thư viện Trường Đại học Đà Lạt |